Italian Coast France to Slovenia - Statistics

General Stats
  • This quiz has been taken 46 times
  • The average score is 9 of 16
Answer Stats
Name Answer % Correct
L Liguria
83%
T Tuscany
80%
E R Emilia Romagna
66%
V Veneto
66%
C Campania
63%
L Lazio
63%
C Calabria
61%
A Apulia
56%
France France
56%
A Abruzzo
54%
M Marche
54%
B Basilicata
51%
M Molise
51%
B Basilicata
46%
F V G Friuli Venezia Giulia
46%
Slovenia Slovenia
34%
No matching quizzes found
Score Distribution
Percent of People with Each Score
Percentile by Number Answered
Your Score History
You have not taken this quiz